| 000 | 00376nam a2200145Ia 4500 | ||
|---|---|---|---|
| 008 | 221030s9999 xx 000 0 und d | ||
| 020 | _a8177581799 | ||
| 041 | _aEnglish | ||
| 100 | _aA. S. Tanenbaum | ||
| 245 | 0 |
_aDistributed Opearating Systems _cby A. S. Tanenbaum |
|
| 260 |
_bPearson Edcuation _aNew Delhi _c2013 |
||
| 300 | _a606 | ||
| 650 | _aBE Computer | ||
| 942 | _cBK | ||
| 999 |
_c15295 _d15295 |
||